Statistics for exile - Taylor Swift (All Lyrics)

Click here to take the quiz!

General Stats

  • This quiz has been taken 25 times
  • The average score is 428 of 458

Answer Stats

Lyrics% Correct
a
100%
am
100%
And
100%
and
100%
before
100%
can
100%
crying
100%
didn't
100%
(Didn't
100%
do
100%
ending
100%
exile,
100%
film
100%
(I
100%
I
100%
I'm
100%
in
100%
is
100%
I've
100%
like
100%
Like
100%
my
100%
no
100%
now?
100%
now
100%
Of
100%
out)
100%
out
100%
out,
100%
right
100%
see
100%
seen
100%
So
100%
(So
100%
so
100%
standing,
100%
step
100%
the
100%
there
100%
thin
100%
think
100%
this
100%
We
100%
(You
100%
You
100%
you
100%
your
100%
All
95%
all
95%
(All
95%
amount
95%
anymore
95%
at
95%
body
95%
but
95%
defending
95%
door
95%
even
95%
funny
95%
gave
95%
honey
95%
it
95%
joke's
95%
leavin'
95%
many
95%
never
95%
(Never
95%
not
95%
sign
95%
sign)
95%
time
95%
time)
95%
To
95%
to
95%
town,
95%
warning
95%
were
95%
who
95%
You're
95%
arms
90%
around
90%
around)
90%
crown,
90%
for
90%
hear
90%
his
90%
homeland
90%
just
90%
Laughin',
90%
me
90%
minutes
90%
seein'
90%
side
90%
signs,
90%
signs
90%
signs)
90%
what
90%
With
90%
with
90%
always
85%
five
85%
get
85%
learned
85%
mind
85%
mind)
85%
read
85%
took
85%
understudy
85%
very
85%
walked
85%
whole
85%
bloody
80%
here
80%
knuckles
80%
leave
80%
leaving
80%
line
80%
problem
80%
Second,
80%
starin',
80%
things
80%
turn
80%
you'd
80%
chances
75%
he's
75%
love
75%
third,
75%
turned
75%
up
75%
'Cause
70%
couldn't
70%
eyes
70%
hall
70%
hundredth
70%
on
70%
pack
70%
us
70%
Holdin'
65%
offending
65%
ooh,
65%
Ooh,
65%
ooh
65%
Those
65%
Balancin'
60%
breaking
60%
insult
60%
times)
60%
add
55%
Ah,
55%
ah
55%
injury
55%
branches
50%

Score Distribution

Percentile by Number Answered

Percent of People with Each Score

Your Score History

You have not taken this quiz